000
00269nam a22001217a 4500
008
171027b xxu||||| |||| 00| 0 eng d
041
_a
eng
080
_a
336
100
_a
56
101
_a
FIN
245
_a
SIX SIGMA AND LEAN SERVICING
_c
EHRLICH,B.H
942
_2
udc
_c
BK
999
_c
36126
_d
36126